Decision Support Systems and Intelligent Systems / Fifth Edition (Record no. 1003)
[ view plain ]
| 000 -LEADER | |
|---|---|
| fixed length control field | 02559cam a22002294a 4500 |
| 005 - ΗΜΕΡΟΜΗΝΙΑ ΚΑΙ ΩΡΑ ΤΕΛΕΥΤΑΙΑΣ ΕΝΗΜΕΡΩΣΗΣ | |
| Πεδίο ελέγχου | 20250605163954.0 |
| 008 - FIXED-LENGTH DATA ELEMENTS--GENERAL INFORMATION | |
| Πεδίο ελέγχου σταθερού μήκους | 250528s ||||||||||||||||||||||||d |
| 035 ## - SYSTEM CONTROL NUMBER | |
| System control number | 15421 |
| 020 ## - ISBN | |
| ISBN | 137816758 |
| 040 ## - ΠΗΓΗ ΚΑΤΑΛΟΓΟΓΡΑΦΗΣΗΣ | |
| Φορέας πρωτότυπης καταλογογράφησης | MC Athens Campus Library |
| Γλώσσα καταλογογράφησης | Ελληνικά, Μοντέρνα (1453-) |
| Modifying agency | MC Athens Campus Library |
| Κανόνες περιγραφικής καταλογογράφησης | AACR2 |
| 245 1# - ΤΙΤΛΟΣ ΚΑΙ ΔΗΛΩΣΗ ΥΠΕΥΘΥΝΟΤΗΤΑΣ | |
| Τίτλος | Decision Support Systems and Intelligent Systems / Fifth Edition |
| 250 ## - EDITION STATEMENT | |
| Edition statement | 5th |
| 260 ## - PUBLICATION, DISTRIBUTION, ETC. | |
| Name of publisher, distributor, etc. | Prentice Hall International, |
| Date of publication, distribution, etc. | 1998 |
| 300 ## - PHYSICAL DESCRIPTION | |
| Extent | 890 |
| 505 0# - FORMATTED CONTENTS NOTE | |
| Formatted contents note | Decision Making and Computerized Support, Management Support Systems: An Overview, Decision Making and Systems and Modelling and Support, Decision Support Systems, Decision Support Systems: An Overview, Data Management: Warehousing and Access and Visualization, Modeling and Analysis, Knowledge-Based Decision Support and Artificial Intelligence, User Interface and Decision Visualization Applications, Constructing a Decision Support System and DSS Research, Collaboration and Communication and Enterprise Support Systems, Networked Decision Support: The Internet and Intranets and Collaborative Technologies, Group Decision Support Systems, Executive Information and Support Systems, Fundamentals of Expert Systems and Intelligent Systems, Fundamentals of Expert Systems, Knowledge Acquisition and Validation, Knowledge Representation, Inferences and Explanations and Uncertainty, Building Expert Systems: Process and Tools, Cutting-Edge Decision Support Technologies, Glossary, Index. |
| 520 ## - SUMMARY, ETC. | |
| Summary, etc. | Decision Making and Computerized Support, Management Support Systems: An Overview, Decision Making and Systems and Modelling and Support, Decision Support Systems, Decision Support Systems: An Overview, Data Management: Warehousing and Access and Visualization, Modeling and Analysis, Knowledge-Based Decision Support and Artificial Intelligence, User Interface and Decision Visualization Applications, Constructing a Decision Support System and DSS Research, Collaboration and Communication and Enterprise Support Systems, Networked Decision Support: The Internet and Intranets and Collaborative Technologies, Group Decision Support Systems, Executive Information and Support Systems, Fundamentals of Expert Systems and Intelligent Systems, Fundamentals of Expert Systems, Knowledge Acquisition and Validation, Knowledge Representation, Inferences and Explanations and Uncertainty, Building Expert Systems: Process and Tools, Cutting-Edge Decision Support Technologies, Glossary, Index. |
| 700 1# - ΠΡΟΣΘΕΤΗ ΑΝΑΓΡΑΦΗ--ΦΥΣΙΚΟ ΠΡΟΣΩΠΟ | |
| Personal name | Aronson Jay E. |
| 9 (RLIN) | 1345 |
| 700 1# - ΠΡΟΣΘΕΤΗ ΑΝΑΓΡΑΦΗ--ΦΥΣΙΚΟ ΠΡΟΣΩΠΟ | |
| Personal name | Turban Efraim |
| 9 (RLIN) | 1346 |
| 942 ## - ADDED ENTRY ELEMENTS (KOHA) | |
| Koha item type | Books |
| Τύπος τεκμηρίου | Βιβλιοθήκη | Τρέχουσα τοποθεσία | Barcode | Αριθμός εισαγωγής | Ημερομηνία απόκτησης | Ταξιθετικό σύμβολο | Αριθμός αντιτύπου | Κατάσταση απόσυρσης | Κατάσταση χαμένου | Κατάσταση κατεστραμμένου | Μη δανεισμός | Σύνολο δανεισμών | Ημερομηνία τελευταίας εμφάνισης | Η τιμή ισχύει από |
|---|---|---|---|---|---|---|---|---|---|---|---|---|---|---|
| Books | MC Athens Campus Library | MC Athens Campus Library | 9780000010025 | 1761 | 05/06/2025 | 658.4/03/0285633 TUR | 2 | 05/06/2025 | 05/06/2025 |